NBA Championships - Statistics

General Stats
  • This quiz has been taken 36 times
  • The average score is 52 of 78
Answer Stats
Year Team % Correct
2024 Celtics
100%
2021 Bucks
94%
2016 Cavaliers
94%
2023 Nuggets
94%
2022 Warriors
94%
2015 Warriors
94%
2013 Heat
91%
2020 Lakers
91%
2019 Raptors
91%
2014 Spurs
91%
2018 Warriors
91%
2017 Warriors
91%
2011 Mavericks
88%
2008 Celtics
84%
2012 Heat
84%
2010 Lakers
84%
2009 Lakers
84%
1997 Bulls
81%
1996 Bulls
81%
1993 Bulls
81%
1992 Bulls
81%
1991 Bulls
81%
2002 Lakers
81%
2001 Lakers
81%
2000 Lakers
81%
2007 Spurs
81%
1998 Bulls
78%
2006 Heat
78%
2004 Pistons
78%
1990 Pistons
78%
1995 Rockets
78%
1994 Rockets
78%
2005 Spurs
78%
2003 Spurs
78%
1986 Celtics
75%
1984 Celtics
75%
1985 Lakers
75%
1989 Pistons
75%
1999 Spurs
75%
1981 Celtics
72%
1988 Lakers
72%
1987 Lakers
72%
1982 Lakers
72%
1980 Lakers
72%
1976 Celtics
59%
1966 Celtics
59%
1965 Celtics
59%
1964 Celtics
59%
1963 Celtics
59%
1962 Celtics
59%
1961 Celtics
59%
1960 Celtics
59%
1959 Celtics
59%
1983 76ers
56%
1968 Celtics
56%
1972 Lakers
56%
1969 Celtics
53%
1957 Celtics
53%
1974 Celtics
50%
1958 Hawks
47%
1973 Knicks
47%
1977 Trail-Blazers
47%
1978 Bullets
44%
1970 Knicks
44%
1953 Lakers
44%
1952 Lakers
44%
1954 Lakers
41%
1950 Lakers
41%
1949 Lakers
41%
1979 Supersonics
41%
1971 Bucks
38%
1947 Warriors
38%
1955 Nationals
34%
1975 Warriors
34%
1956 Warriors
34%
1967 76ers
28%
1951 Royals
25%
1948 Bullets
19%
No matching quizzes found
Score Distribution
Percent of People with Each Score
Percentile by Number Answered
Your Score History
You have not taken this quiz